000 00539nam a2200181Ia 4500
003 GCL
008 140319s9999 xx 000 0 eng d
040 _aGCL /
_cGCL
082 0 4 _aCC
_b932
_bA D
100 1 _aAUFRERE, SYDNEY H
245 1 0 _aDESCRIPTION DE L'EGYPTE: OU RECUEIL DES OSBERVATIONS ET DES RECHERCHES DE NAPOLION BONAPARTE /
_cAUFRERE, SYDNEY H
260 _a[S.N] :
_bBIBLIOTHEQUE DE L'IMAGE ،
_c1993
650 0 4 _aANCIENT EGYPT
650 0 4 _aHISTORY
650 0 4 _aART- EGYPT
650 0 4 _aEGYPTOLOGY
942 _2ddc
_cBK
999 _c13871
_d13871